000 00308nam a2200121Ia 4500
008 220204s9999 xx 000 0 und d
082 _a678.049:62
_bSEA
100 _aDarby, Joseph R
245 0 _aTechnology of plasticizers
260 _aNew York
_bJohn wiley
_c1982
700 _aSears, J Kern
942 _cBK
999 _c37075
_d37075